00325nam a2200109Ia 4500008004100000082002100041100001900062245002300081260003000104630001800134650006300152211122s9999||||xx |||||||||||||| ||und|| a894.812 4bSRE-V aSreeraman, V K 0aVeritta Kazhchakal bD c BooksaKottayamc2003 xGeneral Stack aMalayalam LiteraturevMalayalam Essays LiteratureMalayalam